Hauptstädte inoffizieller Länder - Statistiken

Allgemein
  • Dieses Quiz wurde 81 mal gespielt
  • Das Durchschnittsergebnis liegt bei 7 aus 16
Antwortstatistiken
Land Hauptstadt % Korrekt
Schottland Edinburgh
94%
Katalonien Barcelona
86%
Hawaii Honolulu
74%
Grönland Nuuk
71%
Tibet Lhasa
70%
Alaska Juneau
64%
Transnistien Tiraspol
37%
Galicien Santiago
29%
Uiguristan Ürümqi
27%
Tatarstan Kasan
26%
Jakutien Jakutsk
21%
Friesland Leeuwarden
20%
Republika Srpska Banja Luka
19%
Baskenland Vitoria-Gasteiz
11%
Abchasien Sochumi
9%
Kaschubien Kartuzy
3%
Keine übereinstimmenden Quizze gefunden
Verteilung der Resultate
Anzahl Personen mit jedem Resultat
Perzentil nach korrekt beantworteten Fragen
Ihre Resultats-Entwicklung
Sie haben dieses Quiz noch nicht gespielt